| 000 | 00487nam a22001697a 4500 | ||
|---|---|---|---|
| 003 | OSt | ||
| 005 | 20260309174233.0 | ||
| 008 | 260309b |||||||| |||| 00| 0 eng d | ||
| 020 | _a9780007576593 | ||
| 082 |
_a500 _bSAUA |
||
| 100 | _aSautoy, Marcus Du | ||
| 245 | _aWhat We Cannot Know: From consciousness to the cosmos, the cutting edge of science explained | ||
| 260 |
_aLondon _b4th Estate _c2017 |
||
| 546 | _aEnglish | ||
| 650 | _aNatural Science & Mathematics | ||
| 942 |
_2ddc _cBK |
||
| 999 |
_c3964 _d3964 |
||